ბათუმის შოთა რუსთაველის სახელმწიფო უნივერსიტეტის ბიბლიოთეკა

ჩანაწერი Personal Name

ჩანაწერთა რაოდენობა, რომელიც გამოყენებულია: 1

001 - CONTROL NUMBER

  • control field: 25743

003 - CONTROL NUMBER IDENTIFIER

  • control field: GE_BSU

005 - DATE AND TIME OF LATEST TRANSACTION

  • control field: 20250804142018.0

008 - FIXED-LENGTH DATA ELEMENTS

  • fixed length control field: 250804|| aca||aabn | a|a d

040 ## - CATALOGING SOURCE

  • Original cataloging agency: GE_BSU
  • Transcribing agency: GE_BSU

100 ## - HEADING--PERSONAL NAME

  • Personal name: ერისთავი, ნინო
  • Relator term: ყდის დიზაინი და დაკაბადონება

670 ## - SOURCE DATA FOUND

  • Source citation: Work cat.: (GE_BSU): საერთაშორისო კონფერენცია - ადრეული განათლება და ზრუნვა : კონფერენციაზე წარდგენილი მოხსენებების კრებული =